Property performance monitor (Record no. 109541)

MARC details
000 -LEADER
fixed length control field 01076cad a22002175a 4500
001 - CONTROL NUMBER
control field E147405
008 - FIXED-LENGTH DATA ELEMENTS--GENERAL INFORMATION
fixed length control field 090508s2009 xxkad f s 000 0 eng d
035 ## - SYSTEM CONTROL NUMBER
System control number (Sirsi) u147405
041 0# - LANGUAGE CODE
Language code of text/sound track or separate title eng
050 04 - LIBRARY OF CONGRESS CALL NUMBER
Classification number 333.33 $2 18
245 04 - TITLE STATEMENT
Title Property performance monitor
Medium [electronic resource]
260 ## - PUBLICATION, DISTRIBUTION, ETC.
Place of publication, distribution, etc. London
Name of publisher, distributor, etc. RREEF
Date of publication, distribution, etc. 2009
490 04 - SERIES STATEMENT
Series statement RREEF Property Performance Monitor
Volume/sequential designation (21) May 2009
520 ## - SUMMARY, ETC.
Summary, etc. Reports that the National Council of Real Estate Investment Fiduciaries (NCREIF) Property Index continues to drop, recording the biggest four-quarter loss ever. Suggests that although consumers are reining-in spending and despite some bankruptcies amongst retailers, retail properties are still outperforming the NPI.
590 ## - LOCAL NOTE (RLIN)
Local note KA
651 #4 - SUBJECT ADDED ENTRY--GEOGRAPHIC NAME
Geographic name United States
Chronological subdivision 1959-
690 ## - LOCAL SUBJECT ADDED ENTRY--TOPICAL TERM (OCLC, RLIN)
Topical term or geographic name as entry element PROPERTY-COMMERCIAL PROPERTY-COMMERCIAL PROPERTY MARKET
690 ## - LOCAL SUBJECT ADDED ENTRY--TOPICAL TERM (OCLC, RLIN)
Topical term or geographic name as entry element PROPERTY-COMMERCIAL PROPERTY-COMMERCIAL PROPERTY FINANCE AND INVESTMENT
856 40 - ELECTRONIC LOCATION AND ACCESS
Uniform Resource Identifier <a href="https://www.rreef.com/cps/rde/xchg/ai_en/hs.xsl/3228.html">https://www.rreef.com/cps/rde/xchg/ai_en/hs.xsl/3228.html</a>
Public note View the report free of charge at www.rreef.com....
942 ## - ADDED ENTRY ELEMENTS (KOHA)
Suppress in OPAC 0
Holdings
Withdrawn status Lost status Source of classification or shelving scheme Damaged status Not for loan Home library Current library Shelving location Date acquired Total Checkouts Full call number Barcode Date last seen Copy number Price effective from Koha item type
    Dewey Decimal Classification     Virtual Virtual Online 08/05/2009   ONLINE PUBLICATION 147405-2001 06/08/2019 1 06/08/2019 Book